000 02414cam a22005534i 4500
003 PE-LiUPU
005 20250731165607.0
008 150706s r 000 0 d
020 _a9706380655
035 _a(Sirsi) i9789706380654
040 _aPE-LiUPU
_bspa
_cPE-LiUPU
_erda
049 _aPRUA
082 0 4 _a001.42
_bG25
_221
100 1 _aGarcía Alba, Pompeya Elvira,
_eautor.
245 1 0 _aMétodos de investigación I /
_cPompeya Elvira García Alba y Bladimir Reyes Córdoba.
264 1 _aMéxico :
_bNueva Imagen,
_c2006.
300 _a128 páginas :
_bilustraciones ;
_c25 centímetros
336 _atext
_2rdacontent
337 _aunmediated
_2rdamedia
338 _avolume
_2rdacarrier
490 0 _aColección Nuevo Rumbo
504 _aIncluye bibliografía.
505 0 _aConocimiento -- Proceso de conocimiento como interacción sujeto-objeto-sociedad -- Tipos de conocimiento -- Ciencia y método -- Historia de la ciencia -- Clasificación de las ciencias según su objeto de estudio -- Clasificación de la ciencia -- Objeto de estudio de las ciencias sociales -- Etapas y principios de los procedimientos científicos -- El proceso de la investigación -- Etapas del proceso de investigación -- Estrategia metodológica de investigación.
526 _aSEG44
526 _aSEG26
526 _aP151
526 _aP150
526 _aP149
526 _aP146
526 _aP145
526 _aP126
526 _aP125
526 _aP92
526 _aP75
526 _aP74
526 _aP27
526 _aP15
541 _g001-001372;
650 0 4 _aDocumentación.
650 0 4 _aInvestigación
_xMetodología.
700 1 _aReyes córdoba, Bladimir,
_eautor.
910 _bjv
_clch
_d20101007
942 _2ddc
_cBOOK
949 _a001.42 G25
_wDEWEY
_c1
_i62138
_lCCODEBUL1
_mBUL
_p19.00
_r0
_sY
_tBOOK
_u2015-7-6
_xEDUCACION
_PP20
_0COMPRA
_o.STAFF. Colección General
994 _aC0
_bPEPRU
596 _a1
999 _a001.42 G25
_wDEWEY
_c51226
_i62138
_d51226
_e2017-4-20
_f2021-11-4
_g5
_lCCODEBUL1
_mBUL
_n1
_p19.00
_q2
_r0
_sY
_tBOOK
_u2015-7-6
_xBIBLIOTECA
_PP20
_0COMPRA
_o.STAFF. Colección General
999 _a001.42 G25
_wDEWEY
_c2
_i75982
_d2018-7-1
_f2021-11-4
_g4
_lCCODEBUL1
_mBUL
_p21.08
_q4
_r0
_sY
_tBOOK
_u2017-6-2
_xBIBLIOTECA
_PP33
_0COMPRA
_o.STAFF. Colección Ciencias de la Salud
980 _81
_gALBERTO SANCHEZ Responsable de Automatización